Essays in the history of international trade theory

Na minha lista:
Detalhes bibliográficos
Autor principal: Bloomfield, Arthur I.
Formato: Livro
Idioma:inglês
Publicado em: Cheltenham Edward Elgar 1994
Assuntos:
Tags: Adicionar Tag
Sem tags, seja o primeiro a adicionar uma tag!

MARC

LEADER 00000nam a2200000 4500
001 0200984
005 20240229083338.6
020 |a 1-85278-834-8 
020 |a 978-1-85278-834-6 
041 0 |a eng 
044 |a GB 
245 1 0 |a Essays in the history of international trade theory  |c Arthur I. Bloomfield 
264 1 |a Cheltenham  |b Edward Elgar  |c 1994 
300 |a 273 s. 
610 2 0 |a obchod medzinárodný 
610 2 0 |a teória obchodu 
610 2 0 |a myslenie ekonomické 
610 2 0 |a história 
610 2 0 |a rast hospodársky 
610 2 0 |a technológia 
610 2 0 |a obchod zahraničný 
610 2 0 |a doktríny ekonomické 
610 2 0 |a Smith, A. 
100 1 |a Bloomfield, Arthur I.